000 00543 a2200217 4500
001 065884
003 OSt
005 20251208171035.0
008
020 _a8174091955
082 _a510.2462
_bG86H
100 1 _aGrewal, B.S.
245 1 _aHigher engineering mathematics
_cBy B.s. Grewal
250 _a40th ed.
260 _aDelhi
_bKhanna Publication
_c2007
300 _a1391p.
500 _aEnglish
630 _aMathematics
690 _aEngineering mathematics; Mathematics
942 _2ddc
_cBK
999 _c153
_d153